Countries with the Worst Persecution of Christians - Statistics

General Stats
  • This quiz has been taken 3,129 times
  • The average score is 14 of 21
Answer Stats
Violent rank Severe rank Country % Correct
- 9 Iran
94%
1 5 Pakistan
88%
- 13 Saudi Arabia
87%
3 - Egypt
84%
- 8 Yemen
84%
- 2 Afghanistan
83%
11 11 Syria
83%
- 7 Sudan
82%
13 4 Libya
80%
8 10 India
78%
- 3 Somalia
77%
2 12 Nigeria
76%
9 - Mali
68%
- 1 North Korea
62%
- 6 Eritrea
54%
12 - Ethiopia
53%
4 - Central African Republic
45%
5 - Burkina Faso
39%
7 - Cameroon
33%
10 - Sri Lanka
32%
6 - Colombia
8%
No matching quizzes found
Score Distribution
Percent of People with Each Score
Percentile by Number Answered
Your Score History
You have not taken this quiz